000 00661nam a2200205 a 4500
001 000021989
005 20200930011532.0
008 100915s1931 sp 000 0 spa d
040 _aDO-SdBNP
_bspa
_cBNPHU
082 _ann*
_bnn*
100 1 _aAmiel, Enrique Federico.
_945582
245 1 0 _aDiario intimo /
_cEnrique Federico Amiel ; traducción María Enriqueta.
260 _aMadrid :
_bAmérica,
_c1931.
300 _av. ;
_c16 cm.
490 1 _aBiblioteca de Autores Celebres
500 _aLa biblioteca sólo posee los volumenes 1 y 2.
700 1 _aEnriqueta, María,
_etr.
_945583
830 0 _aBiblioteca de Autores Celebres
_945584
049 _aBNGR
999 _c21487
_d21487